Sous-Préfectures de France sans voyelles (Aléatoire) - Statistiques

Statistiques générales
  • Ce quiz a été pris 80 fois
  • Le résultat moyen est 14 sur 20
Statistiques - réponses
Indices Sous-Préfectures % Correct
x-n-Prvnc Aix-en-Provence
100%
lbrtvll Albertville
100%
ntn Antony
100%
rls Arles
100%
Bzrs Béziers
100%
Blgn-Bllncrt Boulogne-Billancourt
100%
Brnçn Briançon
100%
Brgnls Brignoles
100%
Brv-l-Gllrd Brive-la-Gaillarde
100%
Crpntrs Carpentras
100%
Chrlls Charolles
100%
Chtbrnt Châteaubriant
100%
Cht-Chnn Château-Chinon
100%
Chtdn Châteaudun
100%
Cht-Thrr Château-Thierry
100%
Chtllrlt Châtellerault
100%
Cgnc Cognac
100%
Cmmrc Commercy
100%
Cmpgn Compiègne
100%
Ctncs Coutances
100%
Dnn Dinan
100%
Dl Dole
100%
Drggnn Draguignan
100%
Drx Dreux
100%
Dnkrq Dunkerque
100%
Fgc Figeac
100%
Fntnbl Fontainebleau
100%
Fntn-l-Cmt Fontenay-le-Comte
100%
Frbch Forbach
100%
Fgrs Fougères
100%
Grss Grasse
100%
Gngmp Guingamp
100%
Hgn Haguenau
100%
ssdn Issoudun
100%
Lngrs Langres
100%
L Blnc Le Blanc
100%
L Hvr Le Havre
100%
Lns Lens
100%
Ls Sbls-d'lnn Les Sables-d'Olonne
100%
L'H-ls-Rss L'Haÿ-les-Roses
100%
Lr Lure
100%
Mmrs Mamers
100%
Mnts-l-Jl Mantes-la-Jolie
100%
Mnn Mayenne
100%
Mx Meaux
100%
Mntbrd Montbard
100%
Mntlçn Montluçon
100%
Mrt Muret
100%
Nrbnn Narbonne
100%
Pmrs Pamiers
100%
Pthvrs Pithiviers
100%
Prds Prades
100%
Prvns Provins
100%
Rdn Redon
100%
Rms Reims
100%
Rchfrt Rochefort
100%
Snt-Dns Saint-Denis
100%
Snt-D-ds-Vsgs Saint-Dié-des-Vosges
100%
Snt-Dzr Saint-Dizier
100%
Snt-Flr Saint-Flour
100%
Snt-Gdns Saint-Gaudens
100%
Snt-Grmn-n-L Saint-Germain-en-Laye
100%
Snt-Jn-d-Mrnn Saint-Jean-de-Maurienne
100%
Snt-Jln-n-Gnvs Saint-Julien-en-Genevois
100%
Snt-Nzr Saint-Nazaire
100%
Snt-Pl Saint-Paul
100%
Snt-Qntn Saint-Quentin
100%
Srclls Sarcelles
100%
Srlt-l-Cnd Sarlat-la-Canéda
100%
Srrgmns Sarreguemines
100%
Smr Saumur
100%
Sns Sens
100%
Sssns Soissons
100%
Thnvll Thionville
100%
Vlncnns Valenciennes
100%
Vrdn Verdun
100%
Vrvns Vervins
100%
Vrzn Vierzon
100%
ssngx Yssingeaux
100%
Vllnv-sr-Lt Villeneuve-sur-Lot
88%
rgls-Gzst Argelès-Gazost
80%
rgntl Argenteuil
80%
Brclnntt Barcelonnette
80%
Br-sr-b Bar-sur-Aube
80%
D Die | Douai
80%
tmps Etampes
80%
Lnnn Lannion
80%
Ls ndls Les Andelys
80%
Mntrl Montreuil
80%
Mrlx Morlaix
80%
Mlhs Mulhouse
80%
Ngnt-sr-Sn Nogent-sur-Seine
80%
Svrn Saverne
80%
Vch Vichy
80%
Vllfrnch-sr-Sn Villefranche-sur-Saône
80%
Vr Vire
80%
Ngnt-sr-Mrn Nogent-sur-Marne
78%
rcchn Arcachon
75%
Bgnrs-d-Bgrr Bagnères-de-Bigorre
75%
Bll Belley
75%
Bthn Béthune
75%
Bnnvll Bonneville
75%
Brst Brest
75%
Cmbr Cambrai
75%
Lrgntr Largentière
75%
Lsprr-Mdc Lesparre-Médoc
75%
Lrnt Lorient
75%
Lhns Louhans
75%
Mrmnd Marmande
75%
Ngnt-l-Rtr Nogent-le-Rotrou
75%
Rmbllt Rambouillet
75%
Snt-Ml Saint-Malo
75%
Srtn Sartène
75%
Slstt Sélestat
75%
Gx Gex
71%
ls Alès
67%
rgntn Argentan
67%
vsns-sr-Hlp Avesnes-sur-Helpe
67%
Bllc Bellac
67%
Brgrc Bergerac
67%
Blgn-sr-Mr Boulogne-sur-Mer
67%
Clv Calvi
67%
Cstlsrrsn Castelsarrasin
67%
Cstrs Castres
67%
Chnn Chinon
67%
Chlt Cholet
67%
Cnflns Confolens
67%
Csn-Crs-sr-Lr Cosne-Cours-sur-Loire
67%
Dpp Dieppe
67%
L Chtr La Châtre
67%
L Tr-d-Pn La Tour-du-Pin
67%
L Trnt La Trinité
67%
Lbrn Libourne
67%
Lsx Lisieux
67%
Ldv Lodève
67%
Mntddr Montdidier
67%
Nnt Nantua
67%
Nntrn Nontron
67%
Prthn Parthenay
67%
Pnt--Ptr Pointe-à-Pitre
67%
Pntrlr Pontarlier
67%
Rmrntn-Lnthn Romorantin-Lanthenay
67%
Snt-Cld Saint-Claude
67%
Snt-Jn-d'ngl Saint-Jean-d'Angély
67%
Snt-Prr Saint-Pierre
67%
Thnn Thann
67%
Thrs Thiers
67%
ssl Ussel
67%
Vndm Vendôme
67%
Vtr-l-Frnçs Vitry-le-François
67%
Mntmrlln Montmorillon
60%
Snls Senlis
60%
strs Istres
57%
ltkrch Altkirch
50%
vrnchs Avranches
50%
Bl Blaye
50%
Brssr Bressuire
50%
Cstlln Castellane
50%
Crt Céret | Corte
50%
Chln-sr-Sn Chalon-sur-Saône
50%
Cht-Gntr Château-Gontier
50%
Cndm Condom
50%
Dx Dax
50%
Flrc-Trs-Rvrs Florac-Trois-Rivières
50%
L Flch La Flèche
50%
L Mrn Le Marin
50%
L Vgn Le Vigan
50%
Lmx Limoux
50%
Mrnd Mirande
50%
Mlshm Molsheim
50%
Mntbrsn Montbrison
50%
Nrc Nérac
50%
Nfcht Neufchâteau
50%
lrn-Snt-Mr Oloron-Sainte-Marie
50%
Rchchrt Rochechouart
50%
Snt-mnd-Mntrnd Saint-Amand-Montrond
50%
Snt-Bnt Saint-Benoît
50%
Snts Saintes
50%
Snt-Grgs Saint-Georges
50%
Snt-Grns Saint-Girons
50%
Srrbrg Sarrebourg
50%
Thnn-ls-Bns Thonon-les-Bains
50%
Vnn Vienne
50%
Vllfrnch-d-Rrg Villefranche-de-Rouergue
50%
bbvll Abbeville
40%
Bx Bayeux
40%
Brd Brioude
40%
Sgr Segré
40%
prn Epernay
33%
Lchs Loches
33%
Pntv Pontivy
33%
Rnn Roanne
33%
Snt-Lrnt-d-Mrn Saint-Laurent-du-Maroni
33%
Prnn Péronne
29%
Chtln Châteaulin
25%
Lnvll Lunéville
25%
vlln Avallon
20%
Clmc Clamecy
20%
Mrc Mauriac
20%
Frclqr Forcalquier
14%
Grdn Gourdon
14%
mbrt Ambert
0%
pt Apt
0%
bssn Aubusson
0%
tn Autun
0%
Bnn Bayonne
0%
Bn Beaune
0%
Brn Bernay
0%
Cls Calais
0%
Chrbrg-n-Ctntn Cherbourg-en-Cotentin
0%
Clrmnt Clermont
0%
ssr Issoire
0%
Jnzc Jonzac
0%
Lngn Langon
0%
L Rnc Le Raincy
0%
Mll Millau
0%
Mntrgs Montargis
0%
Mntblrd Montbéliard
0%
Mrtgn--Prch Mortagne-au-Perche
0%
Nns Nyons
0%
Pls Palaiseau
0%
Rthl Rethel
0%
Rm Riom
0%
Snt-mr Saint-Omer
0%
Sdn Sedan
0%
Trc Torcy
0%
Tl Toul
0%
Trnn-sr-Rhn Tournon-sur-Rhône
0%
Vl-d-Br Val-de-Briey
0%
Vzrs Vouziers
0%
Aucun quiz correspondant
Distribution des résultats
% des personnes avec chaque résultat
Percentile par nombre de réponses
Votre historique - résultats
Vous n’avez pas pris ce quiz